La adquisición a Non Domino de valores anotados en cuenta.

Guardado en:
Detalles Bibliográficos
Autor principal: Caballero Germaín, Guillermo (autor)
Otros Autores: Rojo, Ángel (prólogo)
Formato: Libro
Publicado: Cizur Menor (Navarra), España: Civitas Thomson Reuters, 2010.
Materias:
Etiquetas: Agregar Etiqueta
Sin Etiquetas, Sea el primero en etiquetar este registro!

MARC

LEADER 00000nam a22000007a 4500
003 CL-VaPUC
005 20220822114758.0
008 220802t2010 ||||| |||| 00| 0 eng d
999 |c 437832  |d 437830 
020 |a 978-84-470-3448-2 
040 |c Pontificia Universidad Católica de Valparaíso 
082 7 |a 346.4609 CAB 2010  |2 22 
100 |a Caballero Germaín, Guillermo  |9 585709  |e autor 
245 1 3 |a La adquisición a Non Domino de valores anotados en cuenta.  
260 |a Cizur Menor (Navarra), España:  |b Civitas Thomson Reuters,   |c 2010. 
300 |a 383 páginas.  
500 |a c.1 Donación Familia Prof. Alejandro Guzmán Brito. 
583 |c 20220802  |k Cristina María Rojas Aguilar 
650 |a Acciones   |x Títulos de sociedad   |z España  |9 874529 
650 |a Bolsa de valores   |x Derecho   |z España  |9 874530 
700 |a Rojo, Ángel  |e prólogo  |9 874531 
942 |2 ddc  |c BK  |n 0 
952 |0 0  |1 0  |2 ddc  |4 0  |6 346_460900000000000_CAB_2010  |7 1  |8 C_AGB  |9 585663  |a BIBDER  |b BIBDER  |d 2022-08-02  |e Donación   |i 5653668  |o 346.4609 CAB 2010  |p 5653668  |r 2023-01-25  |t 1  |w 2022-08-02  |y BK_US  |k AGB